000 00622nam a2200241Ia 4500
003 OSt
005 20221007101228.0
006 a|||||r|||| 00| 0
007 ta
008 221006b |||||||| |||| 00| 0 eng d
024 _a6,073
037 _cTextual
040 _aLCO
_cLCO
_beng
041 _2eng
_aeng
082 _aZ2,3, L2
100 _aSURYA KUMAR
_9702738
245 0 _aLaw of Contracts. (In Hindi)
260 _aAllahabad
_bAllahabad Law Agency
_c1972
300 _aVarious
650 _aCONTRACT ACT
_9424981
942 _hZ2,3, L2
_cTEXL
999 _c1175636
_d1175636